书目信息 |
| 书名: | In the shadow of man | |
| 作者: | ||
| 分册号: | ||
| 分册名: | 出版地: | London : |
|
| 出版社: | Collins | |
| 出版时间: | 1978. | |
| 页数: | 112 p. : | |
| 开本: | 20020930 | |
| 丛书名: | ||
| 中图分类号: | ||
| 科图分类号: | ||
| 其他分类号: | H319.4 | |
| 主题词: | ||
| 电子资源: | ||
| 000 | 00548nam 2200205 a 4500 | |
| 001 | E0733587225 | |
| 005 | 20070227092302.53 | |
| 008 | uu | |
| 020 | @cCNY0.40. | |
| 040 | @aNLC | |
| 049 | @aN5LA | |
| 090 | @a2/Q959.8/GJ//////263502/*961825/-6/ cop.2-3 | |
| 090 | @aH319.4 | |
| 096 | @aQ959.8 @v2 | |
| 099 | @dH319.4@ex472 | |
| 100 | 1 | @aGoodall, Jane. |
| 245 | 10 | @aIn the shadow of man |
| 260 | @aLondon :@bCollins,@c1978. | |
| 300 | @a112 p. :@b00 ;@c20020930@lNLC09@h2245@lNLC09@h2248@lNLC09@h1839 | |
| 852 | 9 | @bWWJC @cJ08S @k2 @hQ959.8 @iGJ |
| In the shadow of man.-London : : Collins, , 1978. |
| 112 p. : : 00 ; ; 20020930 |
| ISBN CNY0.40. |
| ● |
| 相关链接 |
|
|
|
|
正题名:In the shadow of man
索取号:H319.4/x472
 
预约/预借
| 序号 | 登录号 | 条形码 | 馆藏地/架位号 | 状态 | 备注 |
| 1 | 68810 | 000446592 | 第四借阅区/ [索取号:H319.4/x472] | 在馆 | |
| 2 | 68811 | 000446798 | 第四借阅区/ [索取号:H319.4/x472] | 在馆 | |
| 3 | 68812 | 000446832 | 第四借阅区/ [索取号:H319.4/x472] | 在馆 | |
| 4 | 68813 | 000446636 | 第四借阅区/ [索取号:H319.4/x472] | 在馆 | |
| 5 | 68814 | 000446672 | 第四借阅区/ [索取号:H319.4/x472] | 在馆 |